[Event "Lower Saxony-ch"]
[Site "Verden an der Aller"]
[Date "2025.01.04"]
[Round "6"]
[White "Wilmink, Anna"]
[Black "Gaertner, Alessandro"]
[Result "1/2-1/2"]
[WhiteElo "2048"]
[BlackElo "1970"]
[PlyCount "72"]
[EventDate "2025.01.02"]
[EventType "swiss"]
[EventRounds "7"]
[EventCountry "GER"]
[SourceTitle "CB02_2025"]
[SourceDate "2025.01.08"]
[SourceVersion "1"]
[SourceVersionDate "2025.01.08"]
[SourceQuality "1"]

1. e4 c6 2. d4 d5 3. Nc3 dxe4 4. Nxe4 Nf6 5. Nxf6+ exf6 6. c3 Bd6 7. Bd3 0-0 8. Qc2 Re8+ 9. Ne2 h5 10. 0-0 h4 11. Nf4 Nd7 12. Qd1 Nf8 13. Bd2 g6 14. Qc2 f5 15. Rfe1 Ne6 16. Nxe6 Bxe6 17. Re2 Qf6 18. h3 f4 19. f3 Re7 20. Kh1 Rae8 21. Be1 Qg5 22. Re4 Kg7 23. Qf2 Rh8 24. Qf1 Bf5 25. Rxe7 Bxe7 26. Bd2 Bf6 27. b4 Rd8 28. Re1 Be6 29. Re4 Bxa2 30. Bxf4 Qh5 31. Bc4 Bxc4 32. Qxc4 Qd5 33. Qe2 a5 34. bxa5 Qxa5 35. Qb2 c5 36. Be5 cxd4 1/2-1/2

[Event "Lower Saxony-ch"]
[Site "Verden an der Aller"]
[Date "2025.01.03"]
[Round "3"]
[White "Gaertner, Alessandro"]
[Black "Schiller, Jan Hendrik"]
[Result "0-1"]
[WhiteElo "1970"]
[BlackElo "1952"]
[PlyCount "176"]
[EventDate "2025.01.02"]
[EventType "swiss"]
[EventRounds "7"]
[EventCountry "GER"]
[SourceTitle "CB02_2025"]
[SourceDate "2025.01.08"]
[SourceVersion "1"]
[SourceVersionDate "2025.01.08"]
[SourceQuality "1"]

1. c4 e6 2. Nf3 Nf6 3. Nc3 d5 4. e3 Be7 5. b3 0-0 6. Bb2 b6 7. cxd5 Nxd5 8. Nxd5 Qxd5 9. Bc4 Qd8 10. 0-0 Bb7 11. Rc1 c5 12. Qe2 Nc6 13. Rfd1 Bf6 14. Ba3 Re8 15. d4 cxd4 16. exd4 Be7 17. Bb2 Bd6 18. a3 Qe7 19. b4 a5 20. b5 Nb8 21. Qe3 Nd7 22. a4 Rac8 23. Re1 Rc7 24. Bb3 Nf6 25. Rxc7 Bxc7 26. Ne5 Bd5 27. Bc2 Rc8 28. Qe2 Bd6 29. Qd3 Qc7 30. Bb1 Bb4 31. Rf1 Be4 32. Qe2 Bxb1 33. Rxb1 Qc2 34. Qxc2 Rxc2 35. Bc1 Nd5 36. Be3 f6 37. Nc6 Bd6 38. h3 Kf7 39. Na7 Ke7 40. Nc6+ Kd7 41. Ra1 Nxe3 42. fxe3 Bg3 43. e4 Rd2 44. Kf1 h5 45. e5 f5 46. Rc1 Rf2+ 47. Kg1 Ra2 48. Kf1 Rxa4 49. Ke2 Ra2+ 50. Kf3 h4 51. Nb8+ Ke7 52. Rc7+ Kf8 53. Nd7+ Kg8 54. Rc8+ Kf7 55. Nxb6 Rb2 56. Rc5 Ke8 57. Nc4 Rb3+ 58. Ke2 a4 59. b6 Kd7 60. Rc7+ Kd8 61. Ra7 Rb4 62. Kd3 Bf2 63. Ra8+ Kd7 64. Ra7+ Kd8 65. Nd6 Rxb6 66. Rxa4 Rb3+ 67. Kc4 Rg3 68. Kc5 Rc3+ 69. Nc4 Rd3 70. Na5 Kc7 71. Rb4 Be1 72. Rb3 Rd1 73. Nc4 Bf2 74. Kb5 Bxd4 75. Rf3 Rb1+ 76. Ka4 Kc6 77. Na3 Rg1 78. Rf4 Bxe5 79. Rxh4 Rxg2 80. Nc4 Bf6 81. Rh8 Kc5 82. Ne3 Rg3 83. Nc2 f4 84. Rc8+ Kd5 85. Nb4+ Ke4 86. Rc4+ Kf5 87. Rc2 Rxh3 88. Rf2 g5 0-1

[Event "GER-ch U12"]
[Site "Willingen"]
[Date "2020.10.31"]
[Round "7"]
[White "Gaertner, Alessandro"]
[Black "Mueller, Maximilian3"]
[Result "1/2-1/2"]
[WhiteElo "1251"]
[BlackElo "1691"]
[PlyCount "63"]
[EventDate "2020.10.26"]
[EventType "swiss"]
[EventRounds "7"]
[EventCountry "GER"]
[SourceTitle "CBM 199 Extra"]
[Source "ChessBase"]
[SourceDate "2021.01.31"]
[SourceVersion "1"]
[SourceVersionDate "2021.01.31"]
[SourceQuality "1"]

1. d4 Nf6 2. Nf3 g6 3. Nc3 d5 4. Bf4 c6 5. Qd2 Bg7 6. e3 0-0 7. Ne5 Nbd7 8. h4 Nh5 9. Bh2 Nxe5 10. Bxe5 f6 11. Bh2 f5 12. Be2 Nf6 13. Bf4 Qe8 14. f3 Nd7 15. h5 e5 16. dxe5 Nxe5 17. hxg6 hxg6 18. 0-0-0 Qe7 19. Bh6 Be6 20. Qd4 Nd7 21. Bxg7 Qxg7 22. Rh2 Qxd4 23. exd4 Kg7 24. Rdh1 Rh8 25. Kd2 Rxh2 26. Rxh2 Rh8 27. Rxh8 Kxh8 28. Ke3 Kg7 29. g3 Kf6 30. Nd1 Nb6 31. b3 g5 32. Nb2 1/2-1/2

[Event "GER-chT U10"]
[Site "Magdeburg"]
[Date "2019.12.28"]
[Round "5.1"]
[White "Torosyan, Bagrat"]
[Black "Gaertner, Alessandro"]
[Result "1-0"]
[WhiteElo "1613"]
[BlackElo "1251"]
[PlyCount "79"]
[EventDate "2019.12.27"]
[EventType "team-swiss"]
[EventRounds "7"]
[EventCountry "GER"]
[SourceTitle "CBM 194 Extra"]
[Source "ChessBase"]
[SourceDate "2020.03.31"]
[SourceVersion "1"]
[SourceVersionDate "2020.03.31"]
[SourceQuality "1"]
[WhiteTeam "Lichtenberg Borussia"]
[BlackTeam "Bemerode"]
[WhiteTeamCountry "GER"]
[BlackTeamCountry "GER"]

1. e4 c6 2. d4 d5 3. Nc3 dxe4 4. Nxe4 Nf6 5. Ng3 e6 6. Nf3 Bd6 7. Bd3 h6 8. c3 0-0 9. 0-0 Nbd7 10. Qe2 Qc7 11. Re1 Re8 12. Ne5 b6 13. Nxd7 Bxd7 14. Bc2 Re7 15. Qd3 Bxg3 16. fxg3 Ree8 17. Bf4 Qd8 18. Be5 g6 19. h3 Nh7 20. Qe3 g5 21. Qd3 f5 22. g4 Rf8 23. gxf5 exf5 24. Bb3+ Rf7 25. Bxf7+ Kxf7 26. Qc4+ Kg6 27. Qb4 Nf8 28. Qd6+ Ne6 29. Rf1 Qe8 30. Rae1 Qf7 31. h4 Rd8 32. Qa3 Be8 33. Qb3 Qe7 34. Qc2 Qf7 35. h5+ Kxh5 36. Rxf5 Qd7 37. Qe2+ Kg6 38. Qe4 Kh5 39. g4+ Kg6 40. Rf8# 1-0

[Event "Hannover Region-ch U12"]
[Site "Lehrte"]
[Date "2019.10.05"]
[Round "7.3"]
[White "Gallmeier, Henri"]
[Black "Gaertner, Alessandro"]
[Result "0-1"]
[WhiteElo "774"]
[BlackElo "1483"]
[PlyCount "132"]
[EventDate "2019.10.03"]
[EventType "swiss"]
[EventRounds "11"]
[EventCountry "GER"]
[SourceTitle "EXT 2024"]
[Source "ChessBase"]
[SourceDate "2023.10.10"]
[SourceVersion "1"]
[SourceVersionDate "2023.10.10"]
[SourceQuality "1"]

1. d4 d5 2. Nc3 Bf5 3. Bg5 h6 4. Bh4 Nc6 5. Nf3 Nf6 6. e3 a6 7. Bd3 Bxd3 8. Qxd3 e6 9. a3 Be7 10. 0-0 0-0 11. h3 b5 12. Rfe1 b4 13. axb4 Bxb4 14. Rxa6 Rxa6 15. Qxa6 Bxc3 16. Qxc6 Bxe1 17. Nxe1 g5 18. Bg3 Ne8 19. Be5 Nd6 20. Nd3 f6 21. Bg3 Rf7 22. f3 Qd7 23. Qc5 Nf5 24. Bf2 Qd6 25. Qa5 Qc6 26. Nb4 Qc4 27. c3 Qe2 28. Qa8+ Kg7 29. Qa1 Nxe3 30. Qc1 Qd1+ 31. Qxd1 Nxd1 32. Bg3 Nxb2 33. Na6 Na4 34. Be1 f5 35. Nb8 Nb6 36. Nc6 Nc4 37. Nd8 Re7 38. Nc6 Rd7 39. Nb8 Rd6 40. Bg3 f4 41. Be1 Kf7 42. g4 Ke8 43. h4 Kd8 44. hxg5 hxg5 45. Kf2 Kc8 46. Ke2 Kxb8 47. Kd3 Rb6 48. Ke2 Rb2+ 49. Kf1 Ne3+ 50. Kg1 Rg2+ 51. Kh1 Re2 52. Kg1 Rxe1+ 53. Kh2 Nxg4+ 54. fxg4 Re3 55. Kg2 Rg3+ 56. Kf2 Rxg4 57. Kf3 Rg3+ 58. Kf2 g4 59. Kf1 Rxc3 60. Ke2 Ra3 61. Kf2 Ra2+ 62. Kg1 f3 63. Kf1 Re2 64. Kg1 g3 65. Kf1 c6 66. Kg1 Re1# 0-1

[Event "Hannover Region-ch U12"]
[Site "Lehrte"]
[Date "2019.10.05"]
[Round "8.3"]
[White "Martin, Dominik"]
[Black "Gaertner, Alessandro"]
[Result "0-1"]
[WhiteElo "1078"]
[BlackElo "1483"]
[PlyCount "146"]
[EventDate "2019.10.03"]
[EventType "swiss"]
[EventRounds "11"]
[EventCountry "GER"]
[SourceTitle "EXT 2024"]
[Source "ChessBase"]
[SourceDate "2023.10.10"]
[SourceVersion "1"]
[SourceVersionDate "2023.10.10"]
[SourceQuality "1"]

1. e4 c6 2. d4 d5 3. Nc3 dxe4 4. Nxe4 Nf6 5. Nxf6+ exf6 6. Nf3 Bd6 7. Be3 0-0 8. Bd3 Re8 9. 0-0 Bg4 10. Re1 Nd7 11. Be2 Qc7 12. g3 a6 13. Qd3 Rac8 14. Rac1 Qb8 15. a3 a5 16. c4 Qa8 17. Ra1 Qb8 18. b3 Re7 19. c5 Bc7 20. b4 Rd8 21. Rec1 Bxf3 22. Bxf3 Ne5 23. Qe2 Nxf3+ 24. Qxf3 Qc8 25. Rd1 Rd5 26. Rac1 Qe6 27. Re1 Rf5 28. Qe2 Qb3 29. Ra1 axb4 30. axb4 Rd5 31. Reb1 Qc3 32. Ra8+ Rd8 33. Rxd8+ Bxd8 34. Qb2 Qc4 35. Rc1 Qd5 36. b5 Rd7 37. bxc6 Qxc6 38. Rb1 h6 39. Qb5 Kh7 40. Qxc6 bxc6 41. Kg2 g5 42. f3 Kg6 43. Rf1 f5 44. f4 f6 45. h3 h5 46. h4 Re7 47. Kf2 Re4 48. Ra1 Bc7 49. Kg2 Rxe3 50. Ra7 Bd8 51. Rd7 Ba5 52. Ra7 Bc3 53. Ra4 gxh4 54. gxh4 Re4 55. Kf3 Rxd4 56. Rxd4 Bxd4 57. Ke2 Bxc5 58. Kd3 Bf2 59. Kc4 Bxh4 60. Kc5 Bg3 61. Kxc6 h4 62. Kd5 h3 63. Kd4 Bxf4 64. Kd3 h2 65. Kc4 h1Q 66. Kc5 Qe4 67. Kb5 Bd6 68. Kb6 Qd5 69. Ka6 Qb3 70. Ka5 Qb4+ 71. Ka6 f4 72. Ka7 Qb5 73. Ka8 Qb8# 0-1

[Event "Hannover Region-ch U12"]
[Site "Lehrte"]
[Date "2019.10.04"]
[Round "4.1"]
[White "Kieselbach, Jannik"]
[Black "Gaertner, Alessandro"]
[Result "1-0"]
[WhiteElo "1515"]
[BlackElo "1483"]
[PlyCount "147"]
[EventDate "2019.10.03"]
[EventType "swiss"]
[EventRounds "11"]
[EventCountry "GER"]
[SourceTitle "EXT 2024"]
[Source "ChessBase"]
[SourceDate "2023.10.10"]
[SourceVersion "1"]
[SourceVersionDate "2023.10.10"]
[SourceQuality "1"]

1. d4 d5 2. e3 Nf6 3. Bd3 Nc6 4. c3 Bd7 5. Nd2 e6 6. e4 dxe4 7. Nxe4 Nxe4 8. Bxe4 Bd6 9. Nf3 h6 10. 0-0 Qf6 11. Be3 0-0-0 12. Nd2 Rdg8 13. f4 Qe7 14. Nc4 f5 15. Bf3 g5 16. Qd2 g4 17. Bd1 a6 18. Ne5 Be8 19. Bc2 Qd8 20. Bb3 Qf6 21. Rae1 Bxe5 22. fxe5 Qe7 23. Bxh6 Bf7 24. Bf4 Qd7 25. Rd1 Ne7 26. c4 c6 27. Ba4 Rh5 28. Rc1 Rg6 29. Rfd1 Bg8 30. Bb3 Bf7 31. d5 exd5 32. cxd5 Nxd5 33. Bxd5 Bxd5 34. Qxd5 Qxd5 35. Rxd5 Re6 36. Rd6 Rxd6 37. exd6 Kd7 38. Re1 Rh7 39. Re7+ Rxe7 40. dxe7 Kxe7 41. Be5 Ke6 42. Bc3 c5 43. Kf2 f4 44. h3 Kf5 45. hxg4+ Kxg4 46. Ke2 Kg3 47. Be5 Kg4 48. Kd3 Kf5 49. Bc7 b5 50. Kc3 Ke4 51. Kb3 Kd3 52. Bxf4 c4+ 53. Kb4 Kc2 54. b3 c3 55. Be5 Kb2 56. Bxc3+ Kxa2 57. g4 a5+ 58. Kxa5 Kxb3 59. Bf6 b4 60. g5 Kc4 61. g6 Kd5 62. g7 b3 63. g8Q+ Ke4 64. Qe6+ Kf3 65. Qxb3+ Kf4 66. Qd5 Kg4 67. Qe4+ Kh3 68. Qg6 Kh2 69. Kb4 Kh3 70. Kc4 Kh2 71. Qg4 Kh1 72. Bd4 Kh2 73. Kd3 Kh1 74. Qg1# 1-0

[Event "Hannover Region-ch U12"]
[Site "Lehrte"]
[Date "2019.10.03"]
[Round "1.2"]
[White "Gaertner, Alessandro"]
[Black "Giere, Flynn"]
[Result "1-0"]
[WhiteElo "1483"]
[BlackElo "752"]
[PlyCount "111"]
[EventDate "2019.10.03"]
[EventType "swiss"]
[EventRounds "11"]
[EventCountry "GER"]
[SourceTitle "EXT 2024"]
[Source "ChessBase"]
[SourceDate "2023.10.10"]
[SourceVersion "1"]
[SourceVersionDate "2023.10.10"]
[SourceQuality "1"]

1. d4 e6 2. c4 Bb4+ 3. Bd2 Bxd2+ 4. Qxd2 Nf6 5. Nc3 0-0 6. e3 d5 7. Bd3 dxc4 8. Bxc4 Nc6 9. Nf3 h6 10. 0-0 Ng4 11. h3 Nf6 12. Rad1 a5 13. e4 Re8 14. Rfe1 a4 15. a3 e5 16. dxe5 Qxd2 17. Rxd2 Nxe5 18. Nxe5 Rxe5 19. Rd8+ Re8 20. Rxe8+ Nxe8 21. Bb5 Nd6 22. Bxa4 Be6 23. Bb5 Nxb5 24. Nxb5 c6 25. Nc7 Ra4 26. Nxe6 fxe6 27. f4 c5 28. Kf2 c4 29. Re3 Ra5 30. Rc3 Rc5 31. b3 b5 32. bxc4 bxc4 33. Ke3 Rc8 34. Kd4 h5 35. Rxc4 Rxc4+ 36. Kxc4 h4 37. a4 Kf7 38. a5 Ke8 39. a6 Kd7 40. a7 Kc6 41. a8Q+ Kd6 42. Qa6+ Ke7 43. Qb7+ Kf6 44. Qc7 Kg6 45. Qe7 Kh7 46. Qg5 Kg8 47. f5 exf5 48. exf5 Kh7 49. Qg6+ Kh8 50. f6 gxf6 51. Qxf6+ Kh7 52. Kd5 Kg8 53. Qe7 Kh8 54. Ke6 Kg8 55. Kf6 Kh8 56. Qg7# 1-0

[Event "Hannover Region-ch U12"]
[Site "Lehrte"]
[Date "2019.10.03"]
[Round "3.2"]
[White "Gaertner, Alessandro"]
[Black "Tacke, Laura"]
[Result "1-0"]
[WhiteElo "1483"]
[BlackElo "800"]
[PlyCount "65"]
[EventDate "2019.10.03"]
[EventType "swiss"]
[EventRounds "11"]
[EventCountry "GER"]
[SourceTitle "EXT 2024"]
[Source "ChessBase"]
[SourceDate "2023.10.10"]
[SourceVersion "1"]
[SourceVersionDate "2023.10.10"]
[SourceQuality "1"]

1. d4 d5 2. c4 e6 3. Nc3 Nf6 4. Nf3 Bb4 5. Bd2 Nc6 6. e3 Bd7 7. a3 Ba5 8. b4 Bb6 9. c5 Bxc5 10. bxc5 0-0 11. Bd3 Qe7 12. 0-0 e5 13. Bc2 e4 14. Ne1 Bg4 15. Nxd5 Qd7 16. Nxf6+ gxf6 17. f3 exf3 18. Nxf3 Qe6 19. h3 Bh5 20. Qe1 Rfd8 21. Qg3+ Kf8 22. Bxh7 Rd5 23. e4 Rd7 24. d5 Qe5 25. Nxe5 Nxe5 26. Rxf6 Nc4 27. Bh6+ Ke7 28. Raf1 Nd2 29. d6+ cxd6 30. cxd6+ Rxd6 31. Qxd6+ Ke8 32. Re6+ fxe6 33. Rf8# 1-0

[Event "Langenhagen Summer op 1st"]
[Site "Langenhagen"]
[Date "2019.07.07"]
[Round "7"]
[White "Gaertner, Alessandro"]
[Black "Michelitsch, Mario"]
[Result "1/2-1/2"]
[WhiteElo "1383"]
[BlackElo "1432"]
[PlyCount "65"]
[EventDate "2019.07.04"]
[EventType "swiss"]
[EventRounds "7"]
[EventCountry "GER"]
[SourceTitle "EXT 2020"]
[Source "ChessBase"]
[SourceDate "2019.10.17"]
[SourceVersion "1"]
[SourceVersionDate "2019.10.17"]
[SourceQuality "1"]

1. d4 Nf6 2. Bf4 d5 3. Nf3 Bf5 4. e3 h6 5. h3 e6 6. Be2 Bd6 7. Bxd6 Qxd6 8. 0-0 Nc6 9. Bd3 Ne4 10. c3 0-0 11. Qc2 Bh7 12. Nbd2 f5 13. a3 a6 14. c4 Ne7 15. c5 Qd8 16. Ne5 Ng6 17. Ndf3 Nxe5 18. Nxe5 Nf6 19. b4 Nd7 20. Nxd7 Qxd7 21. a4 c6 22. Rfb1 Rfb8 23. Qe2 Qc7 24. f4 Kf8 25. g3 Bg8 26. h4 g6 27. Rb2 Re8 28. Qf3 Re7 29. Raa2 Rae8 30. Rh2 Rh7 31. Rag2 Ree7 32. g4 Reg7 33. Kf2 1/2-1/2

[Event "GER-ch U10"]
[Site "Willingen"]
[Date "2019.06.14"]
[Round "9"]
[White "Burkart, Lloyd Shang"]
[Black "Gaertner, Alessandro"]
[Result "1-0"]
[WhiteElo "1411"]
[BlackElo "1233"]
[PlyCount "135"]
[EventDate "2019.06.08"]
[EventType "swiss"]
[EventRounds "11"]
[EventCountry "GER"]
[SourceTitle "CBM 191 Extra"]
[Source "ChessBase"]
[SourceDate "2019.09.30"]
[SourceVersion "1"]
[SourceVersionDate "2019.09.30"]
[SourceQuality "1"]

1. d4 d5 2. c4 e6 3. Nc3 Be7 4. cxd5 exd5 5. Nf3 Nf6 6. Bg5 0-0 7. h3 c6 8. e3 h6 9. Bf4 Bf5 10. Bd3 Bxd3 11. Qxd3 Bd6 12. Bxd6 Qxd6 13. 0-0 Re8 14. Ne5 Nbd7 15. Nxd7 Qxd7 16. Rab1 Ne4 17. b4 Nxc3 18. Qxc3 a6 19. a4 b5 20. a5 Qd6 21. Rfc1 Rec8 22. Qc5 Qxc5 23. Rxc5 Rc7 24. Rbc1 Rac8 25. Kf1 g5 26. Ke2 f5 27. Kf3 Kf7 28. g4 Kf6 29. Rh1 Re7 30. Rhc1 Rec7 31. gxf5 Kxf5 32. e4+ Ke6 33. exd5+ Kd6 34. Rxc6+ Rxc6 35. Rxc6+ Rxc6 36. dxc6 Kxc6 37. Ke4 Kd6 38. f3 Ke6 39. d5+ Kd6 40. Kd4 h5 41. Ke4 Kd7 42. Ke5 Ke7 43. d6+ Kd7 44. Kd5 Kd8 45. Kc6 Kc8 46. Kb6 Kd7 47. Kxa6 Kxd6 48. Kxb5 Ke5 49. a6 Kf4 50. a7 Kxf3 51. a8Q+ Kg3 52. Qh1 g4 53. hxg4 hxg4 54. Qg1+ Kf3 55. Kc6 g3 56. b5 g2 57. Qxg2+ Kxg2 58. b6 Kf3 59. b7 Ke3 60. b8Q Kd4 61. Qd8+ Kc4 62. Qd5+ Kb4 63. Qc5+ Ka4 64. Qb6 Ka3 65. Kc5 Ka2 66. Kc4 Ka1 67. Kc3 Ka2 68. Qb2# 1-0

[Event "Hannover Bezirk-ch U10"]
[Site "Hannover"]
[Date "2018.10.05"]
[Round "6.1"]
[White "Gaertner, Alessandro"]
[Black "Thiele, Kira Sophie"]
[Result "1-0"]
[WhiteElo "1233"]
[BlackElo "706"]
[PlyCount "51"]
[EventDate "2018.10.04"]
[EventType "swiss"]
[EventRounds "11"]
[EventCountry "GER"]
[SourceTitle "EXT 2022"]
[Source "ChessBase"]
[SourceDate "2021.10.06"]
[SourceVersion "1"]
[SourceVersionDate "2021.10.06"]
[SourceQuality "1"]

1. d4 d5 2. Bf4 Nc6 3. Nc3 Nf6 4. Nb5 a6 5. Nxc7+ Qxc7 6. Bxc7 e6 7. Nf3 Bb4+ 8. c3 Be7 9. h3 0-0 10. Be5 Ne4 11. Nd2 b5 12. Nxe4 dxe4 13. Qc2 b4 14. Qxe4 Na5 15. Qxa8 Bb7 16. Qa7 Be4 17. Qxe7 Nc6 18. Qh4 f6 19. Qxe4 Ne7 20. Bd6 f5 21. Qxe6+ Kh8 22. Qxe7 Rg8 23. e3 f4 24. Bd3 a5 25. Qe4 fxe3 26. Qxh7# 1-0